| 000 | 00881nam a22001815i 4500 | ||
|---|---|---|---|
| 001 | 162085 | ||
| 003 | ES-MaACL | ||
| 005 | 20230906212425.0 | ||
| 008 | 020123s1867 sp |||| | spa d | ||
| 040 |
_aCAM _bspa _cCAM |
||
| 100 | 0 |
_aPicón, José. _991876 |
|
| 245 | 1 | 0 |
_aPalco, modista y coche _b: comedia en verso, dividida en tres épocas / _coriginal de José Picon. |
| 260 |
_aMadrid : _b[s.n.], _c1867 ( _fImprenta de José Rodriguez) |
||
| 300 |
_a101 p. ; _c18 cm. |
||
| 500 | _aEn port.: Estrenada en Madrid, en el teatro de Jovellanos, el día 5 de junio de 1867. | ||
| 596 | _aEn verso de la port. consta: " ... las Galerías Dramáticas y Líricas de Gullon é Hidalgo ..." | ||
| 852 |
_aES-MaACL _jF-8633(3) _z-- Enc. pasta española _q-- Falto de la cub. original _z-- Enc. en un vol. facticio formando parte de la col. facticia "Teatro español moderno", vol. 88 |
||
| 999 |
_c162085 _d162085 |
||